Effect of Post-Harvest Application of Chemicals, Hot water and Wrappers on Shelf Life of Mango CV. Dashehari (Record no. 50333)

MARC details
000 -LEADER
fixed length control field 00513nam a22001817a 4500
003 - CONTROL NUMBER IDENTIFIER
control field OSt
008 - FIXED-LENGTH DATA ELEMENTS--GENERAL INFORMATION
fixed length control field 260430b |||||||| |||| 00| 0 eng d
082 ## - DEWEY DECIMAL CLASSIFICATION NUMBER
Classification number 634.44
Item number S48E
100 ## - MAIN ENTRY--PERSONAL NAME
Personal name Sinha, Smita
245 ## - TITLE STATEMENT
Title Effect of Post-Harvest Application of Chemicals, Hot water and Wrappers on Shelf Life of Mango CV. Dashehari
260 ## - PUBLICATION, DISTRIBUTION, ETC. (IMPRINT)
Place of publication, distribution, etc Pusa, Samastipur
Name of publisher, distributor, etc RAU
Date of publication, distribution, etc 2008
300 ## - PHYSICAL DESCRIPTION
Extent 47P.
502 ## - DISSERTATION NOTE
Degree type Msc.
Year degree granted 2008
650 ## - SUBJECT ADDED ENTRY--TOPICAL TERM
Topical term or geographic name as entry element Fruit & Fruit Technology
650 ## - SUBJECT ADDED ENTRY--TOPICAL TERM
Topical term or geographic name as entry element Horticulture
650 ## - SUBJECT ADDED ENTRY--TOPICAL TERM
Topical term or geographic name as entry element Msc.
942 ## - ADDED ENTRY ELEMENTS (KOHA)
Source of classification or shelving scheme
Koha item type Thesis
Holdings
Withdrawn status Lost status Source of classification or shelving scheme Damaged status Not for loan Home library Current library Date acquired Total Checkouts Full call number Barcode Date last seen Bill Date Koha item type
          Dr. Rajendra Prasad Central Agricultural University Pusa, Dr. Rajendra Prasad Central Agricultural University Pusa, 30/04/2026   634.44 S48E 59710 30/04/2026 30/04/2026 Thesis
Hosted, Implemented, Customized & Maintained by: BestBookBuddies

Powered by Koha